| 000 | 00909nam a2200277 a 4500 | ||
|---|---|---|---|
| 008 | |||
| 020 | _a1899066330 (hbk.) | ||
| 049 | _aMAIN | ||
| 090 |
_aQM695.U74 _bDOU |
||
| 100 | 1 | _aStephens, F. Douglas. | |
| 245 | 1 | 0 |
_aCongenital anomalies of the urinary and genital tracts / _c Douglas F. Stephens, Durham E. Smith and John M. Hutson. |
| 260 |
_aOxford : _bIsis Medical Media , _c1996. |
||
| 300 |
_axii, 472 p. : _bill. ; _c28 cm. |
||
| 504 | _aIncludes bibliographical references: p.454-466. | ||
| 500 | _aIncludes index. | ||
| 650 | 2 | _aUrogenital Abnormalities. | |
| 650 | 2 |
_aUrinary Tract _xabnormalities. |
|
| 650 | 2 |
_aGenitalia _xabnormalities. |
|
| 700 | 1 | _aSmith, Durham E. | |
| 700 | 1 | _aHutson, John M. | |
| 907 |
_a.b10151035 _b10-01-12 _c08-02-05 |
||
| 003 | |||
| 005 | 20230123133922.0 | ||
| 040 | _cNUST | ||
| 942 |
_cBOOKS _kQM695.U74 _mDOU |
||
| 999 |
_c156888 _d156888 |
||